La gran ruta INCA (GRI) y el uso sostenible de la biodiversidad en los países de la región andina: (Registro nro. 17562)

Detalles MARC
000 -CABECERA
Campo de control 01511nam a22003017a 4500
005 - FECHA Y HORA DE LA ULTIMA TRANSACCION
Campo de control 20150709153351.0
008 - ELEMENTOS DE LONGITUD FIJA—INFORMACION GENERAL
Campo de control 150709b2007 ck ||||| |||| 00| 0 spa d
020 ## - ISBN
ISBN 9789972787270
040 ## - FUENTE DE CATALOGACIÓN
Agencia catalogadora original CO-BoIAVH
Agencia transcriptora CO-BoIAVH
041 0# - IDIOMA
Código de idioma para texto/pista de sonido o título separado Español
044 ## - PAÍS DE PUBLICACIÓN
País de publicación Perú
082 #4 - NUMERO DE CLASIFICACION DECIMAL DEWEY
Número de clasificación 306.4
Número del ítem S44g
110 1# - ASIENTO PRINCIPAL--NOMBRE CORPORATIVO
Nombre corporativo o de jurisdicción como elemento de entrada Oficina Regional para América del Sur de la Unión por la Naturaleza (UICN-Sur)
9 (RLIN) 35560
245 1# - MENCION DE TITULO
Título La gran ruta INCA (GRI) y el uso sostenible de la biodiversidad en los países de la región andina:
Parte restante del título Explorando experiencias y potencialidades.
260 3# - PUBLICACION, DISTRIBUCION, ETC. (PIE DE IMPRENTA)
Lugar de publicación, distribución, etc. Perú:
Nombre del editor, distribuidor, etc. UICN-Sur,
Fecha de publicación, distribución, etc. 2007.
300 ## - DESCRIPCION FISICA
Extensión 51 p.
Otros detalles físicos il., map., fot., col.
500 ## - NOTA GENERAL
Nota general Incluye lista de siglas.
504 ## - NOTA DE BIBLIOGRAFIA, ETC.
Nota de bibliografía Incluye Referencias Bibliográficas.
505 ## - NOTA DE CONTENIDO
Nota de contenido 1. Antecedentes.<br/>2. La Gran Ruta Inca (GRI) y los ecosistemas transfronterizos.<br/>3. Experiencias de uso sostenible de la biodiversidad en los países andinos.<br/>4. Actividades prioritarias de uso sostenible de la biodiversidad en la GRI: propuestas para la cooperación internacional.<br/>5. Ruta Crítica para el desarrollo de un programa de acciones en la GRI.
650 #4 - ASIENTO SECUNDARIO DE MATERIA - TERMINO TEMATICO
Término temático o nombre geográfico como elemento de entrada Antropología cultural
Subdivisión geográfica Perú
9 (RLIN) 35561
650 #4 - ASIENTO SECUNDARIO DE MATERIA - TERMINO TEMATICO
Término temático o nombre geográfico como elemento de entrada Ecosistemas
Subdivisión geográfica Perú
9 (RLIN) 35562
650 #4 - ASIENTO SECUNDARIO DE MATERIA - TERMINO TEMATICO
Término temático o nombre geográfico como elemento de entrada Conservación de ecosistemas
Subdivisión geográfica Perú
9 (RLIN) 35563
650 #4 - ASIENTO SECUNDARIO DE MATERIA - TERMINO TEMATICO
Término temático o nombre geográfico como elemento de entrada Biodiversidad
Subdivisión geográfica Perú
9 (RLIN) 35564
710 ## - ASIENTO SECUNDARIO - NOMBRE CORPORATIVO
Nombre corporativo o de jurisdicción como elemento de entrada Secretaría General de la Comunidad Andina (SGCAN)
9 (RLIN) 35565
710 ## - ASIENTO SECUNDARIO - NOMBRE CORPORATIVO
Nombre corporativo o de jurisdicción como elemento de entrada Ministerio de Ambiente de España
9 (RLIN) 35566
856 ## - LOCALIZACION Y ACCESO ELECTRONICOS
Identificador Uniforme del Recurso www.comunidadandina.org/agenda_ambiental.htm
942 ## - ELEMENTOS ADICIONALES (KOHA)
Sistema de clasificación Dewey Decimal Classification
Tipo de ítem Libro
Existencias
Withdrawn status Lost status Sistema de Clasificación Damaged status No para préstamo Colección Inventariado Ubicación Permanente Ubicación actual Fecha de adquisición Fuente de Valor Valor Total Checkouts Número topográfico Inventario / Código de Barras Date last seen Ejemplar Price effective from Forma de adquisición Tipo de material
    Dewey Decimal Classification     General Inventariado 2017 Bogotá Bogotá 09/07/2015 Instituto 39000.00   LB-306.4 S44g 038777 09/07/2015 Ej. 1 09/07/2015 Canje Libro